|
|
|
|
| LEADER |
00000nam0a2200000 4500 |
| 001 |
38130 |
| 005 |
20231031005032.0 |
| 035 |
|
|
|a (RuTPU)RU\TPU\book\38750
|
| 090 |
|
|
|a 38130
|
| 100 |
|
|
|a 20020220d1980 km a0rusy5003 ca
|
| 101 |
0 |
|
|a rus
|
| 102 |
|
|
|a RU
|
| 105 |
|
|
|a a z 000zy
|
| 200 |
1 |
|
|a Электрофизические проблемы использования сверхпроводимости
|f И. А. Глебов, Ч. Лаверик, В. Н. Шахтарин
|g Академия Наук СССР; Всесоюзный научно-исследовательский институт электромашиностроения
|
| 210 |
|
|
|a Ленинград
|c Наука
|c Ленингр. отд-ние
|d 1980
|
| 215 |
|
|
|a 255 с.
|c ил.
|
| 320 |
|
|
|a Библиогр.: с. 241-251.
|
| 320 |
|
|
|a Предм. указ.: с. 252-253.
|
| 610 |
1 |
|
|a сверхпроводимость
|
| 610 |
1 |
|
|a сверхпроводники
|
| 610 |
1 |
|
|a электромагнитные расчеты
|
| 675 |
|
|
|a 621.315.5
|z rus
|
| 700 |
|
1 |
|a Глебов
|b И. А.
|g Игорь Алексеевич
|
| 701 |
|
1 |
|a Лаверик
|b Ч.
|g Чарльз
|
| 701 |
|
1 |
|a Шахтарин
|b В. Н.
|g Валентин Николаевич
|
| 712 |
0 |
2 |
|a Академия Наук СССР
|2 stltpush
|3 (RuTPU)RU\TPU\col\722
|
| 712 |
0 |
2 |
|a Всесоюзный научно-исследовательский проектно-конструкторский и технологический институт электромашиностроения (ВНИПТИЭМ)
|c (Владимир)
|2 stltpush
|3 (RuTPU)RU\TPU\col\11257
|
| 801 |
|
0 |
|a RU
|b RuMRKP
|c 19950704
|g psbo
|
| 801 |
|
1 |
|a RU
|b 63413507
|c 20020220
|g PSBO
|
| 801 |
|
2 |
|a RU
|b 63413507
|c 20080813
|g PSBO
|
| 942 |
|
|
|c BK
|